[Event "XXIV C.to Italiano UISP"]
[Site "Citta' di Castello ITA"]
[Date "2003.12.??"]
[Round "2"]
[White "Di Caro, Calogero"]
[Black "Mogranzini, Roberto"]
[Result "1-0"]
[WhiteElo "2221"]
[BlackElo "2172"]
[PlyCount "73"]
[EventDate "2003.12.05"]

1.g3 g6 2.Bg2 Bg7 3.c4 Nf6 4.Nc3 O-O 5.d3 d6 6.Bg5 h6 7.Bd2 e5 8.e4 Nbd7 
9.Nge2 Nc5 10.Qc2 c6 11.O-O a5 12.Rad1 b5 13.d4 Ncd7 14.cxb5 cxb5 15.Nxb5 
Ba6 16.a4 Rc8 17.Qb1 Bxb5 18.axb5 Qb6 19.dxe5 Nxe5 20.Nc3 Nc4 21.Bc1 Rfe8 
22.b3 Ne5 23.Be3 Qb7 24.Bd4 Nfd7 25.Kh1 Nc5 26.f4 Ne6 27.fxe5 Nxd4 28.Nd5 
dxe5 29.b6 Rc6 30.Rc1 Rec8 31.Bh3 f5 32.Bg2 f4 33.gxf4 Rc2 34.Rxc2 Rxc2 
35.Rc1 Rxg2 36.Kxg2 Qd7 37.Rc8+ 1-0

[Event "XXIV C.to Italiano UISP"]
[Site "Citta' di Castello ITA"]
[Date "2003.12.??"]
[Round "2"]
[White "Soprano, Paolo"]
[Black "Bentivegna, Francesco"]
[Result "0-1"]
[WhiteElo "2276"]
[BlackElo "2176"]
[PlyCount "74"]
[EventDate "2003.12.05"]

1.c4 e5 2.Nc3 Bb4 3.Qc2 Nf6 4.g3 Nc6 5.Bg2 O-O 6.e3 Bxc3 7.bxc3 d6 8.Ne2 
Be6 9.d3 e4 10.dxe4 Bxc4 11.O-O Re8 12.Re1 Qe7 13.Rb1 Ne5 14.Rd1 Rab8 15.
Nf4 c6 16.Ba3 Rbd8 17.h3 Qc7 18.Ne2 d5 19.exd5 Bxd5 20.Bxd5 Nxd5 21.Qb3 b5
22.Bc5 Qc8 23.Kg2 Qf5 24.Nd4 Qe4+ 25.Kg1 Nd3 26.Bxa7 Nxe3 27.fxe3 Qxe3+ 
28.Kg2 Qf2+ 29.Kh1 Qxg3 30.Rf1 Qxh3+ 31.Kg1 Qg3+ 32.Kh1 Nf2+ 33.Rxf2 Qxf2 
34.Qc2 Qh4+ 35.Kg1 Rd6 36.Nf3 Rg6+ 37.Kf1 Qh3+ 0-1

[Event "XXIV C.to Italiano UISP"]
[Site "Citta' di Castello ITA"]
[Date "2003.12.??"]
[Round "6"]
[White "Di Caro, Calogero"]
[Black "Ferrante, Marco"]
[Result "1/2-1/2"]
[WhiteElo "2221"]
[BlackElo "1918"]
[PlyCount "44"]
[EventDate "2003.12.05"]

1.Nf3 e6 2.g3 b6 3.Bg2 Bb7 4.c4 Nf6 5.O-O Be7 6.Nc3 O-O 7.Re1 d5 8.cxd5 
Nxd5 9.d4 Nxc3 10.bxc3 c5 11.e4 cxd4 12.cxd4 Bb4 13.Bd2 Bxd2 14.Qxd2 Qe7 
15.Rad1 Rd8 16.Qf4 Nd7 17.d5 Qf6 18.Qc7 Nc5 19.dxe6 fxe6 20.e5 Qf8 21.Ng5 
Bxg2 22.Kxg2 Nd3 1/2-1/2